[Event "Wch U20 59th"]
[Site "Cala Gonone"]
[Date "2022.10.14"]
[Round "4"]
[White "Ahmed, Younes Alkhemeiri"]
[Black "Monferrato, Rocco"]
[Result "0-1"]
[WhiteElo "1139"]
[BlackElo "1563"]
[PlyCount "56"]
[EventDate "2022.10.12"]
[EventType "swiss"]
[EventRounds "11"]
[EventCountry "ITA"]
[SourceTitle "CBM 210 Extra"]
[Source "ChessBase"]
[SourceDate "2022.11.30"]
[SourceVersion "1"]
[SourceVersionDate "2022.11.30"]
[SourceQuality "1"]

1. d4 d5 2. Bf4 Nf6 3. e3 Bf5 4. Nf3 e6 5. Nbd2 c5 6. c3 Nbd7 7. Be2 Be7 8. 0-0 Nh5 9. Bg3 Nxg3 10. fxg3 0-0 11. Bb5 a6 12. Ba4 b5 13. Bc2 Bxc2 14. Qxc2 cxd4 15. exd4 Nb6 16. b3 Rc8 17. Qb2 b4 18. cxb4 Bxb4 19. a3 Bc3 20. Qa2 Bxa1 21. Qxa1 Rc2 22. Qb1 Qc7 23. Ng5 h6 24. Ngf3 Rc8 25. Kf2 Nd7 26. Ke2 Qa5 27. a4 Nf6 28. Rd1 Ne4 0-1